| 000 | 00674nam a22001815i 4500 | ||
|---|---|---|---|
| 001 | 156522 | ||
| 003 | ES-MaACL | ||
| 005 | 20250805062426.0 | ||
| 008 | 991027s1858 be |||| | fre d | ||
| 040 |
_aCAM _bspa _cCAM |
||
| 100 | 1 |
_aJuste, Théodore. _9128411 |
|
| 245 | 1 | 0 |
_aCharles-Quint et Marguerite d'Autriche _b: étude sur la minorité, l'émancipation et l'avénement de Charles quint a l'Empire: 1477-1521 / _cpar Théodore Juste. |
| 260 |
_aBruxelles et Leipzig : _bC. Muquardt, _c1858. |
||
| 300 |
_aIX, 173 p. ; _c21 cm. |
||
| 600 | 0 | 4 |
_aCarlos _bI, _cRey de España _935296 |
| 852 |
_aES-MaACL _jG-7909 _z-- Enc. hol. |
||
| 999 |
_c156522 _d156522 |
||